ग़ज़ल -गीत संगम / (Record no. 197700)
[ view plain ]
| 000 -LEADER | |
|---|---|
| fixed length control field | 00766nam a22002177a 4500 |
| 005 - DATE AND TIME OF LATEST TRANSACTION | |
| control field | 20230831111052.0 |
| 010 ## - LCCN (DPL NO) | |
| LC control number | HIN-125727 |
| 020 ## - INTERNATIONAL STANDARD BOOK NUMBER | |
| Terms of availability | 300.00 |
| International Standard Book Number | 9788195916252 |
| 035 ## - SYSTEM CONTROL NUMBER | |
| System control number | HN-98073 |
| 037 ## - SOURCE OF ACQUISITION | |
| Source of stock number/acquisition | DBAD/PUB |
| 082 ## - DEWEY DECIMAL CLASSIFICATION NUMBER | |
| Classification number | 821 |
| 100 ## - MAIN ENTRY--PERSONAL NAME | |
| Personal name | प्रसाद, ललन |
| 245 ## - TITLE STATEMENT | |
| Title | ग़ज़ल -गीत संगम / |
| Statement of responsibility, etc | ललन प्रसाद |
| 260 ## - PUBLICATION, DISTRIBUTION, ETC. (IMPRINT) | |
| Name of publisher, distributor, etc | किशोर विद्या निकेतन |
| Date of publication, distribution, etc | 2023 |
| Place of publication, distribution, etc | वाराणसी |
| 270 ## - ADDRESS | |
| Address | बी-2/236 ए - भदैनी |
| City | वाराणसी |
| Postal code | 221001 |
| 300 ## - PHYSICAL DESCRIPTION | |
| Extent | 223 पृ. |
| Dimensions | 22 सेमी(अजिल्द ) |
| 650 ## - SUBJECT ADDED ENTRY--TOPICAL TERM | |
| General subdivision | |
| Geographic subdivision | |
| 650 ## - SUBJECT ADDED ENTRY--TOPICAL TERM | |
| Form subdivision | |
| 700 ## - ADDED ENTRY--PERSONAL NAME | |
| 9 (RLIN) | 55533 |
| 942 ## - ADDED ENTRY ELEMENTS (KOHA) | |
| Source of classification or shelving scheme | Dewey Decimal Classification |
| Item type | Hindi Books |
| Classification part | 821 |
| Call number suffix | प्रसाद |
| Withdrawn status | Lost status | Not for loan | Collection code | Home library | Current library | Date acquired | Source of acquisition | Cost, normal purchase price | Full call number | Barcode | Copy number | Cost, replacement price | Koha item type |
|---|---|---|---|---|---|---|---|---|---|---|---|---|---|
| Non-fiction | Central Jail Tihar | Central Jail Tihar | 31/08/2023 | DBAD/PUB | 300.00 | 821 प्रसाद | HN-98073 | 1 | 300.00 | Hindi Books |
